Agricultural economics and agribusiness (Record no. 14623)
[ view plain ]
| 000 -LEADER | |
|---|---|
| fixed length control field | 00456nam a2200169Ia 4500 |
| 020 ## - INTERNATIONAL STANDARD BOOK NUMBER | |
| ISBN | 9788126528950 |
| 082 ## - DEWEY DECIMAL CLASSIFICATION NUMBER | |
| Classification number | 630.33 |
| Item number | CRA/AG |
| 100 ## - MAIN ENTRY--AUTHOR NAME | |
| Personal name | Cramer,Gail L |
| 245 ## - TITLE STATEMENT | |
| Title | Agricultural economics and agribusiness |
| 250 ## - EDITION STATEMENT | |
| Edition statement | 8 |
| 260 ## - PUBLICATION, DISTRIBUTION, ETC. (IMPRINT) | |
| Place of publication | New Delhi |
| Name of publisher | Wiley India Pvt. Ltd |
| Year of publication | 2011 |
| 300 ## - PHYSICAL DESCRIPTION | |
| Number of Pages | 519 |
| 650 ## - SUBJECT ADDED ENTRY--TOPICAL TERM | |
| Topical Term | Consumer behaviour and demand |
| 700 ## - ADDED ENTRY--PERSONAL NAME | |
| Personal name | Jensen,Clarence W |
| 700 ## - ADDED ENTRY--PERSONAL NAME | |
| Personal name | Southgate Jr., Douglas D |
| 942 ## - ADDED ENTRY ELEMENTS (KOHA) | |
| Koha item type | Books |
| Withdrawn status | Lost status | Damaged status | Collection code | Home library | Current library | Shelving location | Date acquired | Full call number | Accession Number | Koha item type |
|---|---|---|---|---|---|---|---|---|---|---|
| KAUAET | KAUAET | General Stacks | 21/07/2016 | 630.33 CRA/AG | 24564 | Books |
